ਸੰਤ ਸਿੰਘ ਸੇਖੋ : ਜੀਵਨ ਅਤੇ ਦਰਸ਼ਨ / (Record no. 59863)

MARC details
000 -LEADER
fixed length control field 02478nam a22003497a 4500
005 - DATE AND TIME OF LATEST TRANSACTION
control field 2009080405165.0
008 - FIXED-LENGTH DATA ELEMENTS--GENERAL INFORMATION
fixed length control field 090728t xxu||||| |||| 00| 0 pun d
010 ## - LCCN (DPL NO)
LC control number PUN-7273 B-464950-954
020 ## - INTERNATIONAL STANDARD BOOK NUMBER
Terms of availability 100.00
035 ## - SYSTEM CONTROL NUMBER
System control number PN-6391 B-464950-954
037 ## - SOURCE OF ACQUISITION
Source of stock number/acquisition DBAD / PUB
037 ## - SOURCE OF ACQUISITION
Source of stock number/acquisition RBC/Vender
040 ## - CATALOGING SOURCE
Original cataloging agency dpl
Language of cataloging PN
082 ## - DEWEY DECIMAL CLASSIFICATION NUMBER
Classification number 851.08
100 ## - MAIN ENTRY--PERSONAL NAME
9 (RLIN) 37323
245 ## - TITLE STATEMENT
Title ਸੰਤ ਸਿੰਘ ਸੇਖੋ : ਜੀਵਨ ਅਤੇ ਦਰਸ਼ਨ /
Statement of responsibility, etc ਤੇਜਵੰਤ ਸਿੰਘ ਗਿੱਲ ਦ੍ਵਾਰਾ ਸੰਪਾਦਿਤ
246 ## - VARYING FORM OF TITLE
Title proper/short title Sant Singh Sekhon :Jeewan Ate Darshan
Remainder of title ed by Tejwant Singh Gill
260 ## - PUBLICATION, DISTRIBUTION, ETC. (IMPRINT)
Place of publication, distribution, etc ਦਿੱਲੀ
Name of publisher, distributor, etc ਪੰਜਾਬੀ ਅਕਾਦਮੀ
Date of publication, distribution, etc 2010
270 ## - ADDRESS
Address ਡੀ.ਡੀ.ਏ.ਕਮਿਉਨਿਟੀ ਸੈਂਟਰ,ਮੋਤੀਆ ਖਾਨ,ਪਹਾਡ਼ ਗਂਜ
City ਨਵੀਂ ਦਿੱਲੀ
Telephone number 011-23616243,23616265
Postal code 110055
300 ## - PHYSICAL DESCRIPTION
Extent 126ਸਫੇ
Other physical details 22 ਸੇਂਮੀ (ਸਜਿਲਦ)
650 ## - SUBJECT ADDED ENTRY--TOPICAL TERM
9 (RLIN) 37324
650 ## - SUBJECT ADDED ENTRY--TOPICAL TERM
9 (RLIN) 37325
700 ## - ADDED ENTRY--PERSONAL NAME
9 (RLIN) 37326
Personal name ਤੇਜਵੰਤ ਸਿੰਘ ਗਿੱਲ
942 ## - ADDED ENTRY ELEMENTS (KOHA)
Source of classification or shelving scheme Dewey Decimal Classification
Item type Punjabi Bks
Classification part 851.08
Call number suffix ਸੰਤਸਿੰ
Holdings
Withdrawn status Lost status Source of classification or shelving scheme Damaged status Not for loan Collection code Home library Current library Date acquired Source of acquisition Cost, normal purchase price Total Checkouts Full call number Barcode Date last seen Copy number Cost, replacement price Koha item type Total Renewals
    Dewey Decimal Classification     Non-fiction Central Library Central Library 04/06/2012 RBC/7/17.2.12/27797/3.3.12/29.3.12 100.00 1 851.08 ਸੰਤਸਿੰ B-464950 07/01/2019 1 100.00 Punjabi Bks 1
    Dewey Decimal Classification     Non-fiction D.B.Act.Division D.B.Act.Division 22/12/2011 DBAD/PUB 100.00   851.08 ਸੰਤਸਿੰ PN-6391 22/12/2011 1 100.00 Punjabi Bks  
    Dewey Decimal Classification     Non-fiction Kasturba Gandhi Marg Kasturba Gandhi Marg 04/06/2012 RBC/7/17.2.12/27797/3.3.12/29.3.12 100.00   851.08 ਸੰਤਸਿੰ B-464954 04/06/2012 1 100.00 Punjabi Bks  
    Dewey Decimal Classification     Non-fiction Mobile Library Mobile Library 04/06/2012 RBC/7/17.2.12/27797/3.3.12/29.3.12 100.00   851.08 ਸੰਤਸਿੰ B-464951 04/06/2012 1 100.00 Punjabi Bks  
    Dewey Decimal Classification     Non-fiction Mobile Library Mobile Library 04/06/2012 RBC/7/17.2.12/27797/3.3.12/29.3.12 100.00   851.08 ਸੰਤਸਿੰ B-464952 04/06/2012 1 100.00 Punjabi Bks  
    Dewey Decimal Classification     Non-fiction Patel Nagar Patel Nagar 04/06/2012 RBC/7/17.2.12/27797/3.3.12/29.3.12 100.00   851.08 ਸੰਤਸਿੰ B-464953 04/06/2012 1 100.00 Punjabi Bks  

© Delhi Public Library
Hit Counter
free hit counter